Personnages Jeux Pokémon - Statistiques

Statistiques générales
  • Ce quiz a été pris 388 fois
    38 depuis la dernière actualisation
  • Le résultat moyen est 159 sur 334
Statistiques - réponses
Jeu Indice Réponse % Correct
Rouge & Bleu Professeur Chen
96%
Rouge & Bleu Champion Giovanni
96%
Rouge & Bleu Champion Ondine
96%
Rouge & Bleu Champion Pierre
96%
Rubis & Saphir Maître Pierre
96%
Rouge & Bleu Maître Blue
91%
Jaune Team Rocket James
91%
Rouge & Bleu Infirmière Joëlle
91%
Rouge & Bleu Champion Koga
91%
Or & Argent Conseil 4 Koga
91%
Rouge & Bleu Système de Stockage Léo
91%
Rouge & Bleu Conseil 4 Peter
91%
Or & Argent Maître Peter
91%
Rouge & Bleu Héros Red
91%
Or & Argent Rival Silver
91%
Rouge & Bleu Champion Major Bob
87%
Noir & Blanc Team Plasma N
87%
Or & Argent Professeur Orme
87%
Or & Argent Champion Albert
83%
Rouge & Bleu Conseil 4 Aldo
83%
Or & Argent Conseil 4 Aldo
83%
Rouge & Bleu Champion Auguste
83%
Or & Argent Champion Blanche
83%
Diamant & Perle Maître Cynthia
83%
Or & Argent Héros Gold
83%
Rouge & Bleu Agent de Police Jenny
83%
Jaune Team Rocket Jessie
83%
Rouge & Bleu Conseil 4 Olga
83%
Diamant & Perle Conseil 4 Adrien
78%
Soleil & Lune Challenger Ali
78%
Rubis & Saphir Team Aqua Arthur
78%
Rubis & Saphir Champion Bastien
78%
Rouge & Bleu Champion Erika
78%
Or & Argent Champion Jasmine
78%
Rubis & Saphir Champion Marc
78%
Rubis & Saphir Team Magma Max
78%
Rubis & Saphir Champion Norman
78%
Diamant & Perle Champion Pierrick
78%
Or & Argent Champion Sandra
78%
Diamant & Perle Professeur Sorbier
78%
Rubis & Saphir Champion Adriane
74%
Rouge & Bleu Conseil 4 Agatha
74%
Rubis & Saphir Champion Alizée
74%
Noir & Blanc Rival Bianca
74%
Diamant & Perle Champion Charles
74%
X et Y Petite sœur du champion d'Illumis Clem
74%
Diamant & Perle Champion Flo
74%
Rubis & Saphir Conseil 4 Glacia
74%
Diamant & Perle Champion Gladys
74%
Diamant & Perle Champion Lovis
74%
Diamant & Perle Team Galaxy Mars
74%
Rouge & Bleu Champion Morgane
74%
Rubis & Saphir Champion Roxanne
74%
Diamant & Perle Team Galaxy Saturne
74%
Rubis & Saphir Conseil 4 Spectra
74%
Diamant & Perle Champion Tanguy
74%
Noir & Blanc Rival Tcheren
74%
Noir & Blanc 2 Champion Tcheren
74%
Noir & Blanc Champion Bardane
70%
Cristal Dresseur fan de Suicune Eusine
70%
Rubis & Saphir Héroïne Flora
70%
Noir & Blanc Team Plasma Sage Ghetis
70%
Or & Argent Champion Hector
70%
Diamant & Perle Team Galaxy Hélio
70%
Diamant & Perle Team Galaxy Jupiter
70%
Noir & Blanc Professeur Keteleeria
70%
Diamant & Perle Champion Kiméra
70%
Or & Argent Champion Mortimer
70%
Platine Team Galaxy Pluton
70%
Rubis & Saphir Professeur Seko
70%
Rubis & Saphir Champion Voltère
70%
Rubis & Saphir Conseil 4 Aragon
65%
Noir & Blanc Champion Artie
65%
Diamant & Perle Héroïne Aurore
65%
X et Y Châtelaine de Combat Aurore
65%
Platine Détective Beladonis
65%
Or & Argent Champion Chuck
65%
Rubis & Saphir Conseil 4 Damien
65%
Or & Argent Artisan Fargas
65%
Noir & Blanc Champion Inézia
65%
Noir & Blanc Champion Iris
65%
Noir & Blanc 2 Maître Iris
65%
Or & Argent Champion Jeannine
65%
Émeraude Champion Juan
65%
Rubis & Saphir Champion Lévy
65%
Soleil & Lune Assistante Prof Lilie
65%
Or & Argent Conseil 4 Marion
65%
Diamant & Perle Champion Mélina
65%
Noir & Blanc Champion Rachid
65%
X et Y Héroïne Serena
65%
Rubis & Saphir Champion Tatia
65%
Soleil & Lune Rival Tili
65%
Rubis & Saphir Rival Timmy
65%
Noir & Blanc Champion Watson
65%
Diamant & Perle Conseil 4 Aaron
61%
Diamant & Perle Partenaire Armand
61%
Noir & Blanc Champion Armando
61%
Or & Argent Conseil 4 Clément
61%
X et Y Maître Dianthéa
61%
Soleil & Lune Fondation Aether Elsa-Mina
61%
Soleil & Lune Professeur Euphorbe
61%
Or & Argent Champion Frédo
61%
Soleil & Lune Rival Gladio
61%
Noir & Blanc Maître Goyah
61%
Soleil & Lune Team Skull Guzma
61%
X et Y Héros Kalem
61%
RF/VF Héroïne Leaf
61%
X et Y Team Flare Lysandre
61%
Noir & Blanc Champion Noa
61%
Diamant & Perle Partenaire Sara
61%
Diamant & Perle Conseil 4 Terry
61%
X et Y Rival Tierno
61%
Noir & Blanc Champion Aloé
57%
X et Y Dresseur légendaire A.Z.
57%
Diamant & Perle Rival Barry
57%
Rubis & Saphir Héros Brice
57%
Noir & Blanc Champion Carolina
57%
Soleil & Lune Capitaine d'épreuve Chrys
57%
X et Y Champion Lem
57%
X et Y Champion Lino
57%
Diamant & Perle Conseil 4 Lucio
57%
Soleil & Lune Doyen Pectorius
57%
X et Y Professeur Platane
57%
X et Y Rival Sannah
57%
Noir & Blanc 2 Champion Strykna
57%
Épée & Bouclier Maître Tarak
57%
X et Y Rival Trovato
57%
X et Y Champion Urup
57%
X et Y Champion Valériane
57%
X et Y Champion Violette
57%
Noir & Blanc Champion Zhu
57%
Épée & Bouclier Champion Alistair
52%
Noir & Blanc 2 Petit-fils de l'ancien Maître Guajava
52%
HG/SS Team Rocket Lance
52%
Diamant & Perle Héros Louka
52%
Soleil & Lune Capitaine d'épreuve Margie
52%
Rouge & Bleu Scientifique retraité à Lavanville M.Fuji
52%
Épée & Bouclier Rival Nabil
52%
Platine Zone de Combat Percila
52%
Noir & Blanc Conseil 4 Percila
52%
Épée & Bouclier Champion Percy
52%
Épée & Bouclier Champion Peterson
52%
Noir & Blanc Conseil 4 Pieris
52%
Soleil & Lune Dresseur Pieris
52%
Épée & Bouclier Rivale Rosemary
52%
Épée & Bouclier Champion Roy
52%
Rubis & Saphir Team Aqua Sarah
52%
X et Y Conseil 4 Thyméo
52%
Soleil & Lune Capitaine d'épreuve Althéo
48%
Noir & Blanc 2 Champion Amana
48%
Noir & Blanc Conseil 4 Anis
48%
HG/SS Team Rocket Ariane
48%
X et Y Champion Astéra
48%
X et Y Champion Cornélia
48%
Rubis & Saphir Team Magma Courtney
48%
Soleil & Lune Doyen Danh
48%
Épée & Bouclier Champion Donna
48%
X et Y Conseil 4 Dracéna
48%
Rubis & Saphir Team Magma Kelvin
48%
Noir & Blanc Conseil 4 Kunz
48%
HG/SS Team Rocket Lambda
48%
HG/SS Héros Luth
48%
Noir & Blanc 2 Rival Matis
48%
X et Y Conseil 4 Narcisse
48%
Noir & Blanc 2 Team Plasma Nikolaï
48%
Rouge & Bleu Sa petite fille Nina Chen
48%
Épée & Bouclier Assistante Prof Sonya
48%
Épée & Bouclier Rival Travis
48%
Soleil & Lune Fondation Aether Vicky
48%
Soleil & Lune Doyen Alyxia
43%
X et Y Champion Amaro
43%
ORAS Héritière peuple du Météore Amaryllis
43%
HG/SS Team Rocket Amos
43%
ORAS Vedette des concours Atalante
43%
Soleil & Lune Capitaine d'épreuve Barbara
43%
X et Y Assistant Prof Dexio
43%
Soleil & Lune Touriste Dexio
43%
Épée & Bouclier Champion Faïza
43%
Rouge & Bleu Guide des arènes Guido
43%
Épée & Bouclier Noble Jean-Fleuret
43%
Épée & Bouclier Noble Jean-Targe
43%
Soleil & Lune Capitaine d'épreuve Kiawe
43%
Épée & Bouclier Champion Lona
43%
Épée & Bouclier Professeur Magnolia
43%
X et Y Conseil 4 Malva
43%
Rubis & Saphir Team Aqua Matthieu
43%
ORAS Devon SARL M.Rochard
43%
X et Y Team Flare Myosotis
43%
Soleil & Lune Capitaine d'épreuve Néphie
43%
Soleil & Lune Capitaine d'épreuve Oléa
43%
Soleil & Lune Doyen Paulie
43%
Soleil & Lune Fondation Aether Saubohne
43%
Épée & Bouclier Président Shehroz
43%
Or & Argent Danseuses aux évolitions Soeurs Kimono
43%
Noir & Blanc Trio Mystérieux Trio des Ombres
43%
Noir & Blanc Team Plasma Muse Vénus
43%
Écarlate & Violet Maître Alisma
39%
Soleil & Lune Team Skull Apocyne
39%
HG/SS Héroïne Célesta
39%
Épée & Bouclier Champion Chaz
39%
Noir & Blanc 2 Héroïne Écho
39%
HG/SS Photographe F.Otto
39%
Épée & Bouclier Champion Kabu
39%
Soleil & Lune Conseil 4 Kahili
39%
Épée & Bouclier Assistante Président Liv
39%
Or & Argent Animatrice Télé & Radio Lula
39%
Écarlate & Violet Champion Mashynn
39%
Écarlate & Violet Rivale Menzi
39%
ORAS Marin M.Marco
39%
Soleil & Lune Responsable Poké Loisir Mohn
39%
USUL Conseil 4 Molène
39%
Épée & Bouclier DLC Dresseur légendaire Mustar
39%
Noir & Blanc Assistante Prof Oryse
39%
Écarlate & Violet Dresseur/Cuisinier Pepper
39%
Épée & Bouclier Champion Sally
39%
X et Y Assistante Prof Sina
39%
Soleil & Lune Touriste Sina
39%
Violet Professeur Turum
39%
X et Y Team Flare Xanthin
39%
X et Y Journaliste Alexia
35%
Noir & Blanc Team Plasma Muse Colombe
35%
X et Y Spécialiste Méga-Évolution Cornélius
35%
Épée & Bouclier DLC Ancien champion Dhilan
35%
Écarlate & Violet Champion Grusha
35%
Diamant & Perle Tour de Combat Koner
35%
Platine Zone de Combat Koner
35%
Rubis & Saphir Professeur Site Météore Kosmo
35%
Noir & Blanc Team Plasma Sage Lilien
35%
Noir & Blanc Héroïne Ludvina
35%
Noir & Blanc Héros Ludwig
35%
Noir & Blanc 2 Héros Mélis
35%
X et Y Orpheline Millie
35%
Or & Argent Chercheur Pokémon M.Pokémon
35%
Écarlate & Violet Leader Team Star Pania
35%
ORAS Capitaine Poupe
35%
Rubis & Saphir Vendeur de vélos Rodolphe
35%
Épée & Bouclier DLC Rival Saturnin
35%
Diamant & Perle Partenaire Viviane
35%
X et Y Team Flare Ancolie
30%
Noir & Blanc Système de Stockage Boletta
30%
Noir & Blanc Team Plasma Sage Carmine
30%
Noir & Blanc Métro de Combat Chammal
30%
Noir & Blanc Métro de Combat Chamsin
30%
Cristal Héroïne Christy
30%
RF/VF Système de Stockage Ciléo
30%
Écarlate & Violet Champion Colza
30%
Épée & Bouclier Héroïne Gloria
30%
Diamant & Perle Partenaire Maïté
30%
Écarlate & Violet Champion/Conseil 4 Okuba
30%
Écarlate Professeure Olim
30%
Soleil & Lune Professeur Pimprenelle
30%
Soleil & Lune Spécialiste Raphaël Chen
30%
Épée & Bouclier Frères Spéléologues Trou Brothers
30%
Écarlate & Violet Champion Tully
30%
ORAS Système de Stockage Annette
26%
Noir & Blanc Team Plasma Sage Azuro
26%
Épée & Bouclier Fan donneur de Balls Ball Masqué
26%
X et Y Team Flare Brasénie
26%
Écarlate & Violet Team Star Brome
26%
Écarlate & Violet Directeur Clavel
26%
Diamant & Perle Partenaire Cornil
26%
X et Y Team Flare Cyane
26%
Écarlate & Violet DLC Rival Kassis
26%
Écarlate & Violet Champion Kombu
26%
Écarlate & Violet Champion Laïm
26%
Écarlate & Violet Team Star Meloco
26%
ORAS Base secrète Millepertuis
26%
X et Y Châtelaine de Combat Nix
26%
Émeraude Chercheur de talent Scott
26%
Soleil & Lune Challenger Solane
26%
Épée & Bouclier DLC Rival Sophora
26%
Noir & Blanc Père Professeur Spruce Keteleeria
26%
Noir & Blanc Team Plasma Sage Alezan
22%
Diamant & Perle Système de Stockage Amelle
22%
Noir & Blanc Team Plasma Sage Auric
22%
Platine Zone de Combat Cardus
22%
Émeraude Zone de Combat Carole
22%
Émeraude Zone de Combat Cathy
22%
Soleil & Lune Agent de Police Cathy
22%
Écarlate & Violet Conseil 4 Cayenn
22%
Platine Zone de Combat Dahlia
22%
Émeraude Zone de Combat Esteban
22%
Écarlate & Violet Professeur de biologie Jacq
22%
Soleil & Lune Héroïne Lune
22%
Écarlate & Violet Infirmière Mimosa
22%
Platine Zone de Combat Parsley
22%
Épée & Bouclier DLC Sa fille Pivonia
22%
Écarlate & Violet Conseil 4 Popi
22%
Soleil & Lune Héros Soleil
22%
Émeraude Zone de Combat Takim
22%
Épée & Bouclier DLC Le père Spéléologue Trou Dad
22%
X et Y Châtelaine de Combat Vesper
22%
Épée & Bouclier Héros Victor
22%
USUL Ultra-Commando Zoé
22%
Noir & Blanc 2 Donneur de médailles Aimé Daillon
17%
Émeraude Zone de Combat Bayar
17%
Platine Zone de Combat Célosia
17%
Émeraude Zone de Combat Charline
17%
USUL Ultra-Commando Cym
17%
Écarlate & Violet Champion Éra
17%
Noir & Blanc Team Plasma Sage Glaucus
17%
Écarlate & Violet Conseil 4/Professeur Beaux-Arts Hassa
17%
Rouge & Bleu Champion du Dojo Koichi
17%
X et Y Châtelaine de Combat Méridia
17%
Écarlate & Violet Team Star Nèflie
17%
X et Y Système de Stockage Olivier
17%
X et Y Expert en O-Aura Pierce Hanlov
17%
USUL Ultra-Commando Rhody
17%
Écarlate & Violet DLC Rivale Roseille
17%
Émeraude Zone de Combat Sam
17%
USUL Ultra-Commando Solie
17%
Épée & Bouclier DLC La mère Spéléologue Trou Mama
17%
Épée & Bouclier Spécialiste Fossile Alba Minçalor
13%
Épée & Bouclier DLC Sa femme Apia
13%
Écarlate & Violet Professeur de combat Élige
13%
Écarlate & Violet Team Star Erio
13%
Épée & Bouclier DLC Leur fils Hortensio
13%
Écarlate & Violet DLC Conseil 4 Irido
13%
Écarlate & Violet Héroïne Juliana
13%
Écarlate & Violet DLC Photographe Lithia
13%
Écarlate & Violet Professeure d'histoire Mora
13%
Écarlate & Violet Team Star Ortiga
13%
Écarlate & Violet Professeur d'éducation domestique Saguaro
13%
Écarlate & Violet Professeur de langues Salvio
13%
ORAS Chantier naval Archibald
9%
Écarlate & Violet DLC Directeur Cyano
9%
Écarlate & Violet Héros Florian
9%
Écarlate & Violet DLC Voyageur Jeffry Andise
9%
Écarlate & Violet DLC Influenceur Milio
9%
Écarlate & Violet DLC Influenceuse Naire
9%
Écarlate & Violet DLC Conseil 4 Nérine
9%
X et Y Mère du héros Primula
9%
Écarlate & Violet DLC Conseil 4 Rubépin
9%
Écarlate & Violet DLC Conseil 4 Taro
9%
Aucun quiz correspondant
Distribution des résultats
% des personnes avec chaque résultat
Percentile par nombre de réponses
Votre historique - résultats
Vous n’avez pas pris ce quiz depuis la dernière actualisation